| 000 | 00985cam a22003017a 4500 | ||
|---|---|---|---|
| 003 | CHAP | ||
| 005 | 20220329141616.0 | ||
| 008 | 971013s1977 r 00010 d | ||
| 010 | _a70931 | ||
| 011 | _a71903 | ||
| 035 | _a81457 | ||
| 040 | _cCHAP | ||
| 090 | _aD-1 | ||
| 100 | 0 | 0 |
_aCallahan, Lloyd M. _917526 |
| 245 | 0 | _aDiseases of turfgrasses (Diapositiva) | |
| 260 |
_aMadison, Wis. : _bCrop Science Society of America, _c1977 |
||
| 300 | _a84 diapositivas col. 2x2 plg. y guía del maestro | ||
| 490 | 0 |
_aTurfgrass slide monograph. Division turfgrass _v; C-5 |
|
| 590 |
_aBATCH-UPD _b10 _c20130110 _lUCH01 _h0604 |
||
| 590 |
_aBATCH-UPD _b10 _c20130410 _lUCH01 _h0246 |
||
| 590 |
_aBATCH-UPD _b10 _c20130914 _lUCH01 _h0818 |
||
| 590 |
_aCONVERSION _b10 _c20130109 _lUCH01 _h1339 |
||
| 650 | 1 | 4 |
_aCésped _xEnfermedades. _924333 |
| 830 | 0 |
_aTurfgrass slide monograph. Division turfgrass _v; C-5 _9115601 |
|
| 901 | _aBK | ||
| 942 | _cD | ||
| 949 |
_aD-1 _bBC _cD _d-34825 _eD _i81457 _si |
||
| 999 |
_c70931 _d70931 |
||